The adventures of Sherlock Holmes (Record no. 120970)

MARC details
000 -LEADER
fixed length control field 00638nam a2200241 i 4500
001 - CONTROL NUMBER
control field C2-0320275
003 - CONTROL NUMBER IDENTIFIER
control field PPAK
005 - DATE AND TIME OF LATEST TRANSACTION
control field 20180728115751.0
008 - FIXED-LENGTH DATA ELEMENTS--GENERAL INFORMATION
fixed length control field 121218s2010 enk |||| ||||| | eng d
020 ## - INTERNATIONAL STANDARD BOOK NUMBER
International Standard Book Number 9780007350834
040 ## - CATALOGING SOURCE
Original cataloging agency PPAK
Language of cataloging eng
Transcribing agency PPAK
Description conventions rda
082 04 - DEWEY DECIMAL CLASSIFICATION NUMBER
Classification number 823
Edition number 23
090 00 - LOCALLY ASSIGNED LC-TYPE CALL NUMBER (OCLC); LOCAL CALL NUMBER (RLIN)
Classification number (OCLC) (R) ; Classification number, CALL (RLIN) (NR) 823
Feature heading DOY
Feature heading G
100 1# - MAIN ENTRY--PERSONAL NAME
Personal name Doyle, Arthur Conan,
Relator term author
245 14 - TITLE STATEMENT
Title The adventures of Sherlock Holmes
264 #1 - PRODUCTION, PUBLICATION, DISTRIBUTION, MANUFACTURE, AND COPYRIGHT NOTICE
Place of production, publication, distribution, manufacture London :
Name of producer, publisher, distributor, manufacturer Harper Press ,
Date of production, publication, distribution, manufacture, or copyright notice 2010
300 ## - PHYSICAL DESCRIPTION
Extent 318 pages ;
Dimensions 18 cm
336 ## - CONTENT TYPE
Source rdacontent
Content type term text
337 ## - MEDIA TYPE
Source rdamedia
Media type term unmediated
338 ## - CARRIER TYPE
Source rdacarrier
Carrier type term volume
650 10 - SUBJECT ADDED ENTRY--TOPICAL TERM
Topical term or geographic name entry element English fiction
942 ## - ADDED ENTRY ELEMENTS (KOHA)
-- dc
Koha item type Book
Holdings
Withdrawn Not for loan Current library Shelving location Date acquired Total Checkouts Full call number Barcode Date last seen Date last checked out Koha item type Total Renewals
    Perpustakaan Alor Setar Pinjaman Dewasa 26/12/2012 1 823 DOY A01410831 05/03/2022 15/02/2022 Book  
    Perpustakaan Alor Setar Pinjaman Dewasa 26/12/2012 2 823 DOY A01410832 12/07/2025 25/05/2025 Book 1
    Perpustakaan Baling Pinjaman Dewasa 26/12/2012   823 DOY A01410836 09/05/2018   Book  
    Perpustakaan Jitra Pinjaman Dewasa 26/12/2012   823 DOY A01410834 09/05/2018   Book  
    Perpustakaan Kulim Pinjaman Dewasa 26/12/2012 1 823 DOY A01410835 10/02/2019 22/01/2019 Book  
    Perpustakaan Merbok Pinjaman Dewasa 26/12/2012   823 DOY A01410837 09/05/2018   Book